A roma lakosság, mint speciális célcsoportok, munkaerő-piaci beilleszkedésének támogatása
| Szerző: | |
|---|---|
| További közreműködők: | |
| Dokumentumtípus: | Diplomadolgozat |
| Kulcsszavak: | adatgyűjtés ábrák cigányság munka keresés munkaerő-piaci szolgáltatások |
| Online Access: | http://dolgozattar.uni-bge.hu/60258 |
MARC
| LEADER | 00000nta a2200000 i 4500 | ||
|---|---|---|---|
| 001 | dolg60258 | ||
| 005 | 20260409150215.0 | ||
| 008 | 260409suuuu hu om 000 hun d | ||
| 040 | |a BGE Dolgozattár Repozitórium |b hun | ||
| 041 | |a hu | ||
| 100 | 1 | |a Palásthy Nikoletta Dóra | |
| 245 | 1 | 2 | |a A roma lakosság, mint speciális célcsoportok, munkaerő-piaci beilleszkedésének támogatása |c Palásthy Nikoletta Dóra |h [elektronikus dokumentum] |
| 520 | 3 | |a A dolgozatom fő témája A roma lakosság, mint speciális célcsoportok, munkaerő-piaci beilleszkedésének támogatása. Hogy miért választottam ezt a témát? Véleményem szerint ez a témakör elég sok rétű és hosszas értekezéseket lehet folytatni ezzel kapcsolatban, valamint érdekes eredményeket lehet levonni a témában folytatott kutatásokkal kapcsolatban. Fontos megemlítenem, hogy egy évet dolgoztam önkéntesként a Katolikus Carits-nál az orosz-ukrán háború kezdetétől. Ezalatt az egy év alatt, sikerült valamilyen szinten megismernem az egyszerűbb romaszármazású embereket, hiszen két három naponta más-más családokat kellett segíteni. Annak ellenére, hogy nagyrészt a kevésbé művelt társadalmi réteget reprezentálták, megtanultam rájuk is ugyan úgy nézni, mint egy nem romára. Meglátásom szerint nem vagyok egyedül azzal, hogy érdekel a romák munkavállalási nehézségeinek valós háttere. A társadalom sztereotípiáival valószínűleg mindenki tisztában van, mivel azzal a felfogással növünk fel gyerekkorunktól kezdve, hogy a cigányok azért nem dolgoznak, mert nem is szeretnének szeretnének dolgozni. Érdekes az előbb említett téma, azonban emellett eléggé érzékeny témának is minősíthető. Az ismeretségi körömben azt tapasztalom, hogy a nem roma származásúaknak is nehéz a munkapiacon elhelyezkedni, még akkor is ha diplomás az illető és több nyelven beszél. Még nehezebb megélhetési forrást találni azoknak, akik elvégezték ugyan a középiskolát, rendelkeznek valamilyen szakmával, viszont nem- vagy csak nagyon alapszinten beszélnek idegen nyelvet. Az előbb említettek alapján azt a következtetést lehetne levonni következtetésképpen, hogy a nyelvtudás hiánya állhat a munkavállalás sikertelenségének hátterében. Azonban ez egy sokkal összetettebb probléma, és az előbb említett helyzet jelentősen eltér a dolgozni vágyó munkanélküli roma származásúak helyzetétől. | |
| 695 | |a adatgyűjtés | ||
| 695 | |a ábrák | ||
| 695 | |a cigányság | ||
| 695 | |a munka keresés | ||
| 695 | |a munkaerő-piaci szolgáltatások | ||
| 700 | 1 | |a Antal Gábor |e ths | |
| 700 | 1 | |a Benkei-Kovács Dr. Balázs |e ths | |
| 856 | 4 | 0 | |u http://dolgozattar.uni-bge.hu/60258/1/Pal%C3%A1sthy%20Nikoletta-IBGHBS-2025.pdf |z Dokumentum-elérés |
| 856 | 4 | 0 | |u http://dolgozattar.uni-bge.hu/60258/2/Pal%C3%A1sthy%20Nikoletta_k.pdf |z Dokumentum-elérés |
| 856 | 4 | 0 | |u http://dolgozattar.uni-bge.hu/60258/3/BKB_Pal%C3%A1sthy%20Nikoletta%20D%C3%B3ra_KSZ%20%C3%A9s%20MH%20b%C3%ADr%C3%A1lati%20lap%202025.pdf |z Dokumentum-elérés |